| 000 | 00506nam a2200169Ia 4500 | ||
|---|---|---|---|
| 005 | 20230706143054.0 | ||
| 008 | 210805s9999 xx j 000 1 und d | ||
| 020 |
_a9780416171228 _qhbk |
||
| 040 |
_aRDA _c3228 |
||
| 082 | _aEJF MILN | ||
| 100 | _aMilne, A.A | ||
| 245 | 0 |
_aTigger comes to the forest _cA.A. Milne; Illustrated by: Ernest H. Shepard |
|
| 260 |
_aLondon _bEgmond's Book Limited _c1999 |
||
| 300 |
_a[un numbered] _c15 cm. |
||
| 490 |
_3Books _aA Winnie-the-Pooh Strry book |
||
| 942 |
_cBK _2ddc _y245 _zIzakina Blanche |
||
| 999 |
_c54066 _d54065 |
||